000
00220nam a22001097a 4500
999
_c
58091
_d
58088
082
_a
194.3927HAR
100
_a
Harrison J
245
_a
Zen endless path
260
_b
Flame Tree Pub
_c
1984
300
_a
384
942
_c
BK